| 000 | 00627 a2200289 4500 | ||
|---|---|---|---|
| 260 | _aParis | ||
| 630 | _a33 - Economie. Economie politique | ||
| 650 | _a3 - SCIENCES SOCIALES | ||
| 100 | _aBessis, Sophie | ||
| 440 | _n400 | ||
| 260 | _bLa Découverte | ||
| 300 | _a286 p. | ||
| 245 | _aL'Arme alimentaire | ||
| 650 | _aColonisation | ||
| 650 | _aPauvreté | ||
| 650 | _aAide alimentaire | ||
| 650 | _aAfrique | ||
| 260 | _c1985 | ||
| 300 | _b22 cm | ||
| 100 | _lFr | ||
| 037 | _aDe 3048 | ||
| 440 | _aCahiers libres | ||
| 250 | _aNouv. éd. | ||
| 020 | _a2-7071-1531-2 | ||
| 999 |
_c34069 _d34069 |
||